Normal view
MARC view
- الاخلاق الادارية
Entry Topical Term
001 - CONTROL NUMBER
- control field: 29257
003 - CONTROL NUMBER IDENTIFIER
- control field: JO-AjAnu
005 - DATE AND TIME OF LATEST TRANSACTION
- control field: 20230606074940.0
008 - FIXED-LENGTH DATA ELEMENTS
- fixed length control field: 230606|| aca||aabn | a|a d
040 ## - CATALOGING SOURCE
- Original cataloging agency: JO-AjAnu
- Transcribing agency: JO-AjAnu
150 ## - HEADING--TOPICAL TERM
- Topical term or geographic name entry element: الاخلاق الادارية
670 ## - SOURCE DATA FOUND
- Source citation: Work cat.: (JO-AjAnu)15018: الغالبي،طاهر محسن منصور/صالح مهدي محسن العامري, author 29256, المسؤولية الاجتماعية واخلاقيات الاعمال:الاعمال والمجتمع=Social Responsibility &Business Ethics :Business &Society